Biblioteka Instytutu Północnego w Olsztynie

Dzieje Polski. (Rekord nr 27858)

Szczegóły MARC
000 -Nagłówek
fixed length control field 01912cam a2200421 i 4500
001 - Nr kontrolny bibl., która utworzyła rek.
control field zz2005903541
003 - Siglum bibl., której nr kontr. jest w 001
control field NUKAT
005 - Data i czas ostatniej operacji
control field 20260428233036.0
008 - Elementy pola stałej długości
fixed length control field 050216s1938 pl |000 0 pol c
035 ## - Systemowy numer kontrolny
systemowy numer kontrolny (OCoLC)749901972
035 ## - Systemowy numer kontrolny
systemowy numer kontrolny (NUKAT)zz2005903541
040 ## - Instytucja sporządzająca opis
Instytucja, która sporządziła opis KR 295/DR
język katalgowania-trzyzn. kod pol
zasady opisu rda
Instytucja, która sporządziła rekord KR 295/DR
Instytucja, która zmodyfikowała rekord KR 295/DGR
-- GD U/KMs
-- WR O/PC
-- OLSZT 008/AL
100 1# - Hasło główne-nazwa osobowa
Nazwa osobowa Sobieski, Wacław
Daty biograficzne (1872-1935).
rodzaj współpracy Autor
9 (RLIN) 1298
245 10 - Tytuł właściwy i oznaczenie odpow.
tytuł Dzieje Polski.
numer części/sekcji pracy T. 2,
tytuł części/sekcji pracy 1696-1864 /
dod. inf. ze s. tyt./ozn. odpow. Wacław Sobieski ; przejrzeli i uzupełnili: Kazimierz Marian Morawski (Czasy Saskie), Władysław Konopczyński (Panowanie Stanisława Augusta) i Janusz Iwaszkiewicz (1796-1864).
250 ## - Oznaczenie wydania
oznaczenie wydania Wydanie drugie - pośmiertne.
260 ## - Adres wydawniczy
miejsce wydania, dystrybucji itp. Warszawa :
nazwa wydawcy, dystrybutora itp. Wydawnictwo Zorza :
-- nakład i własność Jana Załuski,
data wydania, dystrybucji itp. 1938
miejsce druku (Łomża :
nazwa drukarni Drukarnia Diecezjalna).
300 ## - Opis fizyczny
objętość i/lub forma materiału 204, [1] strona ;
format 24 cm.
336 ## - Content Type
Term Tekst
Code txt
Source rdacontent
337 ## - Media Type
Term Bez urządzenia pośredniczącego
Code n
Source rdamedia
338 ## - Carrier Type
Term Wolumin
Code nc
Source rdacarrier
380 ## - Form of work
Form of work Książki
591 ## - Inny rodzaj relacji
Inny rodzaj relacji Współoprawne z: Dzieje Polski. T. 1, Do roku 1696. - Warszawa, 1938.
648 #7 - SUBJECT ADDED ENTRY--CHRONOLOGICAL TERM
Chronological term 1601-1700
Source of heading or term DBN
9 (RLIN) 36034
648 #7 - SUBJECT ADDED ENTRY--CHRONOLOGICAL TERM
Chronological term 1701-1800
Source of heading or term DBN
9 (RLIN) 36035
648 #7 - SUBJECT ADDED ENTRY--CHRONOLOGICAL TERM
Chronological term 1801-1900
Source of heading or term DBN
9 (RLIN) 36037
651 #7 - Hasło przedmiotowe-nazwa geogr.
nazwa geograficzna Polska
źródło hasła DBN
9 (RLIN) 35076
651 #7 - Hasło przedmiotowe-nazwa geogr.
nazwa geograficzna Polska
określnik chronologiczny 1697-1763 (Wettinowie).
źródło hasła kaba
9 (RLIN) 36517
651 #4 - Hasło przedmiotowe-nazwa geogr.
nazwa geograficzna Polska
określnik chronologiczny 1795-1864.
źródło hasła kaba
9 (RLIN) 14650
651 #7 - Hasło przedmiotowe-nazwa geogr.
nazwa geograficzna Polska
określnik chronologiczny 1764-1795 (Stanisław August Poniatowski).
źródło hasła kaba
9 (RLIN) 4265
658 ## - Nazwa określająca cel programu nauczania
główny cel programu nauczania Historia
700 1# - Hasło dodatkowe - nazwa osobowa
nazwa osobowa Iwaszkiewicz, Janusz
daty biograficzne (1879-1944).
rodzaj współpracy Opracowanie
9 (RLIN) 40716
700 1# - Hasło dodatkowe - nazwa osobowa
nazwa osobowa Konopczyński, Władysław
daty biograficzne (1880-1952).
rodzaj współpracy Opracowanie
9 (RLIN) 1649
700 1# - Hasło dodatkowe - nazwa osobowa
nazwa osobowa Morawski, Kazimierz Marian
daty biograficzne (1884-1944).
rodzaj współpracy Opracowanie
9 (RLIN) 11517
700 1# - Hasło dodatkowe - nazwa osobowa
nazwa osobowa Załuska, Jan
daty biograficzne (1873-1941).
rodzaj współpracy Nakładca
9 (RLIN) 18628
710 2# - Hasło dodatkowe - nazwa ciała zbior.
nazwa ciała zbior. lub nazwa geogr. Drukarnia "Zorza" (Warszawa).
rodzaj współpracy Wydawca
kod rodzaju współpracy pbl
9 (RLIN) 40841
787 0# - Inny rodzaj relacji
tytuł z rek. związanego Dzieje Polski. T. 1, Do roku 1696
nr kontr. rek. związ. zz2005900347
942 ## - ADDED ENTRY ELEMENTS (KOHA)
Source of classification or shelving scheme Dewey Decimal Classification
Koha item type pozycje dostępne na miejscu
Egzemplarze
Status wycofania Status zagubienia Klasyfikacja Oprawione z Status uszkodzenia Blokada wypożyczeń Kolekcja Lokalizacja macierzysta Lokalizacja bieżąca Data nabycia Nr inwentarzowy il. wypożyczeń Sygnatura Kod kreskowy Date last seen Price effective from Typ egz. Uwaga OPAC
    Dewey Decimal Classification 16742/1-2 nieuszkodzona   Pracownia Badań Księgozbiorów Historycznych Biblioteka Instytutu Północnego w Olsztynie Pracownia Badań Księgozbiorów Historycznych 28/04/2026 16742/1-2   16742/1-2 IPWK22221 28/04/2026 28/04/2026 pozycje dostępne na miejscu współoprawny z 16742/1-2
Biblioteka Instytutu Północnego, ul. Partyzantów 87, 10-402 Olsztyn, email: biblioteka(at)ip.olsztyn.pl